[Event "Belgrade-chT"]
[Site "Belgrade"]
[Date "2016.10.09"]
[Round "2.2"]
[White "Rajcevic, Stevan"]
[Black "Zivkovic, Ljubomir S"]
[Result "1/2-1/2"]
[WhiteElo "2076"]
[BlackElo "2135"]
[PlyCount "74"]
[EventDate "2016.10.08"]
[EventType "team-tourn"]
[EventRounds "13"]
[EventCountry "SRB"]
[SourceTitle "EXT 2017"]
[Source "ChessBase"]
[SourceDate "2016.10.25"]
[SourceVersion "1"]
[SourceVersionDate "2016.10.25"]
[SourceQuality "1"]
[WhiteTeam "Cyril i Metodije"]
[BlackTeam "Mirijevo"]
[WhiteTeamCountry "SRB"]
[BlackTeamCountry "SRB"]

1. d4 Nf6 2. c4 g6 3. Nc3 Bg7 4. e4 d6 5. h3 0-0 6. Be3 c5 7. d5 e6 8. Bd3 a6 9. a4 exd5 10. exd5 Nfd7 11. Nf3 Ne5 12. Nxe5 Bxe5 13. 0-0 f5 14. f4 Bg7 15. Qd2 Nd7 16. Rae1 Qa5 17. Bf2 Nf6 18. Re2 Bd7 19. Rfe1 Qb4 20. Qc2 b5 21. axb5 axb5 22. Nxb5 Bxb5 23. cxb5 Nh5 24. g3 Ra2 25. Rb1 Nf6 26. Qc3 Qxc3 27. bxc3 Rxe2 28. Bxe2 Ne4 29. g4 Re8 30. Bf1 Rb8 31. Be1 Bxc3 32. Bxc3 Nxc3 33. Ra1 Ne4 34. Kg2 Nd2 35. Bd3 Rd8 36. Ra7 Ne4 37. Bc2 Nf6 1/2-1/2

[Event "Belgrade Trophy 28th"]
[Site "Belgrade"]
[Date "2014.11.28"]
[Round "5"]
[White "Rajcevic, Stevan"]
[Black "Lazic, Ljubisa V"]
[Result "1/2-1/2"]
[WhiteElo "2104"]
[BlackElo "2216"]
[PlyCount "40"]
[EventDate "2014.11.24"]
[EventType "swiss"]
[EventRounds "9"]
[EventCountry "SRB"]
[SourceTitle "CBM 163 Extra"]
[Source "ChessBase"]
[SourceDate "2014.12.23"]
[SourceVersion "1"]
[SourceVersionDate "2014.12.23"]
[SourceQuality "1"]

1. d4 Nc6 2. Nf3 d6 3. e4 e5 4. Bb5 exd4 5. Qxd4 Bd7 6. Bxc6 bxc6 7. Nc3 Ne7 8. Bg5 f6 9. Be3 Ng6 10. h4 Ne5 11. Nxe5 fxe5 12. Qc4 Be7 13. f4 g6 14. 0-0-0 Bf6 15. f5 Qe7 16. fxg6 hxg6 17. g4 c5 18. Kb1 Be6 19. Qb5+ Qd7 20. Qb7 0-0 1/2-1/2

[Event "Belgrade Trophy 28th"]
[Site "Belgrade"]
[Date "2014.11.25"]
[Round "2"]
[White "Weinzettl, Ernst"]
[Black "Rajcevic, Stevan"]
[Result "1/2-1/2"]
[WhiteElo "2305"]
[BlackElo "2104"]
[PlyCount "64"]
[EventDate "2014.11.24"]
[EventType "swiss"]
[EventRounds "9"]
[EventCountry "SRB"]
[SourceTitle "CBM 163 Extra"]
[Source "ChessBase"]
[SourceDate "2014.12.23"]
[SourceVersion "1"]
[SourceVersionDate "2014.12.23"]
[SourceQuality "1"]

1. e4 e5 2. Nf3 Nf6 3. Nxe5 d6 4. Nc4 Nxe4 5. Qe2 Qe7 6. d3 Nf6 7. Bg5 Nbd7 8. Nc3 Qxe2+ 9. Bxe2 c6 10. Bf4 d5 11. Nd6+ Bxd6 12. Bxd6 Nf8 13. 0-0 Be6 14. a4 0-0-0 15. Bg3 d4 16. Nb1 Re8 17. Nd2 N8d7 18. a5 a6 19. Ra4 Bd5 20. Bf3 Bxf3 21. Nxf3 c5 22. Ng5 Re2 23. Nxf7 Rf8 24. Nd6+ Kc7 25. Nf5+ Kc6 26. Rc4 Kd5 27. b4 g6 28. Nh6 cxb4 29. Rxb4 Rc8 30. f3 Rcxc2 31. Bf2 Ke6 32. Rxd4 Nc5 1/2-1/2

[Event "Belgrade-chT"]
[Site "Belgrade"]
[Date "2014.09.25"]
[Round "6.4"]
[White "Rajcevic, Stevan"]
[Black "Keserovic, Milan"]
[Result "1-0"]
[WhiteElo "2077"]
[BlackElo "2209"]
[PlyCount "135"]
[EventDate "2014.09.20"]
[EventType "team-tourn"]
[EventRounds "11"]
[EventCountry "SRB"]
[SourceTitle "CBM 162 Extra"]
[Source "ChessBase"]
[SourceDate "2014.10.17"]
[SourceVersion "1"]
[SourceVersionDate "2014.10.17"]
[SourceQuality "1"]
[WhiteTeam "Cirilo i Metodije"]
[BlackTeam "Romanticari"]
[WhiteTeamCountry "SRB"]
[BlackTeamCountry "SRB"]

1. d4 Nf6 2. c4 c5 3. d5 b5 4. Qc2 bxc4 5. e4 d6 6. Bxc4 g6 7. Nf3 Bg7 8. h3 0-0 9. 0-0 Nfd7 10. Nbd2 Na6 11. a3 Rb8 12. Rb1 Nc7 13. b3 Nb6 14. Bb2 Bxb2 15. Rxb2 f6 16. Bd3 e5 17. b4 cxb4 18. axb4 Nd7 19. Rc1 Ba6 20. Ra1 Bxd3 21. Qxd3 Nb5 22. Ra5 Qb6 23. Nc4 Qb7 24. Raa2 Ra8 25. Na5 Qb6 26. Nc4 Qb7 27. Na5 Qb6 28. Rc2 Nd4 29. Nxd4 exd4 30. Nc6 Rfe8 31. Rd2 Kg7 32. Qxd4 Qb7 33. f3 a6 34. Na5 Qb5 35. Nc4 Qxb4 36. Rab2 Qc5 37. Rb7 Rad8 38. Qxc5 dxc5 39. Na5 Kg8 40. Nc6 Ne5 41. Nxd8 Rxd8 42. Rc7 c4 43. f4 Nd3 44. g3 f5 45. exf5 Rxd5 46. fxg6 hxg6 47. Rxc4 Nxf4 48. Rxd5 Nxd5 49. Rc6 Kg7 50. Rxa6 Nb4 51. Ra8 Nd3 52. Kg2 Kf6 53. Kf3 Ne5+ 54. Ke4 Nf7 55. Ra6+ Kg7 56. Kf4 Kh6 57. Ra7 Nd6 58. Ra5 Nf7 59. h4 Nd8 60. g4 Ne6+ 61. Ke5 Nd8 62. Kf6 Nc6 63. Ra8 Kh7 64. h5 g5 65. Rc8 Nd4 66. Rc7+ Kg8 67. Kg6 Kf8 68. h6 1-0

[Event "Belgrade-chT"]
[Site "Belgrade"]
[Date "2013.10.14"]
[Round "3.5"]
[White "Rajcevic, Stevan"]
[Black "Jocev, Milan"]
[Result "1/2-1/2"]
[WhiteElo "2063"]
[BlackElo "2177"]
[PlyCount "48"]
[EventDate "2013.10.12"]
[EventType "team-tourn"]
[EventRounds "11"]
[EventCountry "SRB"]
[SourceTitle "EXT 2014"]
[Source "ChessBase"]
[SourceDate "2013.11.20"]
[SourceVersion "1"]
[SourceVersionDate "2013.11.20"]
[SourceQuality "1"]
[WhiteTeam "Cirilo i Metodije"]
[BlackTeam "Itaka"]
[WhiteTeamCountry "SRB"]
[BlackTeamCountry "SRB"]

1. d4 Nf6 2. c4 g6 3. Nc3 Bg7 4. e4 d6 5. h3 0-0 6. Bg5 c5 7. d5 b5 8. cxb5 a6 9. Nf3 Qa5 10. Bd2 axb5 11. Nxb5 Qb6 12. Qc2 Ba6 13. a4 Nbd7 14. Rb1 Rfc8 15. Bc4 Ne8 16. 0-0 Nc7 17. Nxc7 Rxc7 18. a5 Qb7 19. b3 Rcc8 20. Bg5 Qc7 21. Bd2 Qb7 22. Bg5 Qc7 23. Bd2 Qb7 24. Bg5 Qc7 1/2-1/2

[Event "Belgrade Trophy 26th"]
[Site "Belgrade"]
[Date "2012.12.01"]
[Round "8"]
[White "Rajcevic, Stevan"]
[Black "Cetkovic, Miodrag"]
[Result "1/2-1/2"]
[WhiteElo "2068"]
[BlackElo "2230"]
[PlyCount "25"]
[EventDate "2012.11.24"]
[EventType "swiss"]
[EventRounds "9"]
[EventCountry "SRB"]
[SourceTitle "CBM 151 Extra"]
[Source "ChessBase"]
[SourceDate "2012.12.18"]
[SourceVersion "1"]
[SourceVersionDate "2012.12.18"]
[SourceQuality "1"]

1. d4 d5 2. Nf3 c6 3. c4 e6 4. Nc3 dxc4 5. e4 b5 6. a4 Bb4 7. Bg5 Qb6 8. Be2 Nf6 9. Qc2 Nbd7 10. 0-0 Bb7 11. e5 Nd5 12. Nxd5 cxd5 13. axb5 1/2-1/2

[Event "Belgrade Trophy 26th"]
[Site "Belgrade"]
[Date "2012.11.29"]
[Round "6"]
[White "Aleksic, Ceda"]
[Black "Rajcevic, Stevan"]
[Result "0-1"]
[WhiteElo "1750"]
[BlackElo "2068"]
[PlyCount "62"]
[EventDate "2012.11.24"]
[EventType "swiss"]
[EventRounds "9"]
[EventCountry "SRB"]
[SourceTitle "CBM 151 Extra"]
[Source "ChessBase"]
[SourceDate "2012.12.18"]
[SourceVersion "1"]
[SourceVersionDate "2012.12.18"]
[SourceQuality "1"]

1. e4 d5 2. exd5 Qxd5 3. Nc3 Qd6 4. Nf3 Nf6 5. Be2 c6 6. 0-0 Bg4 7. h3 Bh5 8. d3 e6 9. Ne4 Qc7 10. Ng3 Bg6 11. Nh4 Bd6 12. Nxg6 hxg6 13. Ne4 Bh2+ 14. Kh1 Bf4 15. Nxf6+ gxf6 16. Bxf4 Qxf4 17. Qc1 Qd6 18. Qe3 Nd7 19. d4 f5 20. c4 Nf6 21. Qe5 Qxe5 22. dxe5 Ng4 23. f4 0-0-0 24. Kg1 Rd2 25. Bxg4 fxg4 26. hxg4 Rxb2 27. Rf2 Rh1+ 28. Kxh1 Rxf2 29. g3 Rc2 30. Kg1 a5 31. c5 a4 0-1

[Event "Belgrade Trophy 26th"]
[Site "Belgrade"]
[Date "2012.11.27"]
[Round "4"]
[White "Zarkovic, Milos"]
[Black "Rajcevic, Stevan"]
[Result "0-1"]
[WhiteElo "1637"]
[BlackElo "2068"]
[PlyCount "54"]
[EventDate "2012.11.24"]
[EventType "swiss"]
[EventRounds "9"]
[EventCountry "SRB"]
[SourceTitle "CBM 151 Extra"]
[Source "ChessBase"]
[SourceDate "2012.12.18"]
[SourceVersion "1"]
[SourceVersionDate "2012.12.18"]
[SourceQuality "1"]

1. d4 d5 2. c4 c6 3. Nf3 Nf6 4. Nc3 dxc4 5. a4 Bf5 6. e3 e6 7. Bxc4 Bb4 8. 0-0 0-0 9. Qe2 Nbd7 10. e4 Bg6 11. Bd3 Qa5 12. Bd2 Rad8 13. e5 Bxd3 14. Qxd3 Nxe5 15. Nxe5 Qxe5 16. dxe5 Rxd3 17. exf6 Rxd2 18. fxg7 Rfd8 19. Rab1 Kxg7 20. Rfe1 Rxb2 21. Rxb2 Bxc3 22. Rbe2 Bxe1 23. Rxe1 Rd2 24. h3 b5 25. axb5 cxb5 26. Rb1 a6 27. Ra1 Rd6 0-1

[Event "Belgrade Trophy 25th"]
[Site "Obrenovac"]
[Date "2011.12.01"]
[Round "8"]
[White "Stavnjak, Lazar"]
[Black "Rajcevic, Stevan"]
[Result "1-0"]
[WhiteElo "2235"]
[BlackElo "2067"]
[PlyCount "128"]
[EventDate "2011.11.24"]
[EventType "swiss"]
[EventRounds "9"]
[EventCountry "YUG"]
[SourceTitle "CBM 145 Extra"]
[Source "ChessBase"]
[SourceDate "2012.01.03"]
[SourceVersion "1"]
[SourceVersionDate "2012.01.03"]
[SourceQuality "1"]

1. e4 d5 2. exd5 Qxd5 3. Nc3 Qd6 4. d3 Nf6 5. h3 Bd7 6. Be2 Bc6 7. Bf3 a6 8. a3 e6 9. Be3 Nbd7 10. Qd2 Nb6 11. Bxb6 cxb6 12. Bxc6+ Qxc6 13. Nf3 Rc8 14. 0-0 Be7 15. Rfc1 0-0 16. Ne2 Rfd8 17. d4 b5 18. c3 Bd6 19. Qd3 Qc7 20. Re1 Nd5 21. Qe4 Nf6 22. Qh4 Qe7 23. Nc1 Nd5 24. Qe4 Nf6 25. Qe2 Nd5 26. Nd3 h6 27. Nfe5 Bxe5 28. Qxe5 b6 29. f4 Qf6 30. Qe4 Rc7 31. Rf1 Ne7 32. Rae1 Qh4 33. Qf3 g6 34. Kh2 h5 35. Nf2 Nd5 36. Ne4 Qe7 37. Ng5 Kg7 38. Qg3 Qf6 39. Re5 Kh8 40. Ne4 Qg7 41. Rg5 Re7 42. Qh4 f6 43. Rg3 f5 44. Ng5 Rde8 45. Nf3 Rf7 46. Ne5 Rf6 47. Nxg6+ Qxg6 48. Rxg6 Rxg6 49. Qxh5+ Kg7 50. Qe2 Rg8 51. Qf3 Kf7 52. Rf2 a5 53. Re2 a4 54. g3 Rh8 55. Kg2 Rgh6 56. h4 Rg8 57. Kf2 Rg4 58. Re5 Rhg6 59. Rxf5+ exf5 60. Qxd5+ Ke7 61. Qe5+ Kd8 62. h5 Rg8 63. h6 Rxg3 64. Qd5+ Ke7 1-0

[Event "SRB-chT"]
[Site "Valjevo"]
[Date "2011.08.30"]
[Round "4.4"]
[White "Rajcevic, Stevan"]
[Black "Lazic, Miroljub"]
[Result "0-1"]
[WhiteElo "2095"]
[BlackElo "2449"]
[PlyCount "82"]
[EventDate "2011.08.27"]
[EventType "team-tourn"]
[EventRounds "11"]
[EventCountry "SRB"]
[SourceTitle "CBM 144 Extra"]
[Source "ChessBase"]
[SourceDate "2011.10.28"]
[SourceVersion "1"]
[SourceVersionDate "2011.10.28"]
[SourceQuality "1"]
[WhiteTeam "Belgrade Cirilo i Metodije"]
[BlackTeam "Novi Sad DDOR"]
[WhiteTeamCountry "SRB"]
[BlackTeamCountry "SRB"]

1. d4 d5 2. Nf3 Nf6 3. c4 c6 4. Nc3 e6 5. Bg5 h6 6. Bxf6 Qxf6 7. a3 Nd7 8. e3 g6 9. Bd3 Bg7 10. 0-0 0-0 11. cxd5 exd5 12. b4 Qd6 13. Qb3 Nb6 14. a4 Be6 15. Nd2 Nd7 16. Rfc1 a5 17. b5 c5 18. Qa3 Rfc8 19. Nb3 b6 20. Be2 Qf8 21. Bf3 cxd4 22. Qxf8+ Kxf8 23. Nxd4 Bxd4 24. exd4 Nf6 25. Ne2 Ke7 26. Nf4 Kd6 27. Nd3 Ne4 28. Ne5 Nd2 29. Bd1 g5 30. f3 f6 31. Nd3 Bf5 32. Nb2 Nc4 33. g4 Bg6 34. Nxc4+ dxc4 35. Rc3 Kd5 36. Be2 Kxd4 37. Rac1 Bf7 38. Kf2 Ra7 39. Re3 Kc5 40. Rb1 Rd7 41. Re4 Re8 0-1

[Event "Belgrade Winter op"]
[Site "Belgrade"]
[Date "2011.01.27"]
[Round "6"]
[White "Rajcevic, Stevan"]
[Black "Stamenkovic, Aleksandar"]
[Result "0-1"]
[WhiteElo "2116"]
[BlackElo "2307"]
[PlyCount "93"]
[EventDate "2011.01.22"]
[EventType "swiss"]
[EventRounds "9"]
[EventCountry "SRB"]
[SourceTitle "CBM 140 Extra"]
[Source "ChessBase"]
[SourceDate "2011.03.01"]
[SourceVersion "1"]
[SourceVersionDate "2011.03.01"]
[SourceQuality "1"]

1. d4 Nf6 2. c4 e6 3. Nc3 Bb4 4. Qc2 0-0 5. a3 Bxc3+ 6. Qxc3 d5 7. Nf3 dxc4 8. Qxc4 b6 9. Bg5 Ba6 10. Qc2 Nbd7 11. e3 Bxf1 12. Kxf1 c5 13. Ke2 cxd4 14. exd4 h6 15. Bd2 Re8 16. Rhd1 Qb8 17. Bc3 Nd5 18. Kf1 Qb7 19. Qe2 Nf4 20. Qe3 Qa6+ 21. Kg1 Ne2+ 22. Kh1 Nxc3 23. Qxc3 Nf6 24. Rac1 Rac8 25. Qd2 Qb5 26. b4 Red8 27. h3 Qd5 28. Qe3 Qa2 29. Ne5 Qd5 30. Nf3 Ne4 31. Kg1 Nd6 32. Rxc8 Rxc8 33. Rc1 Rxc1+ 34. Qxc1 Nc4 35. a4 a6 36. a5 b5 37. Qc3 f6 38. Qc2 Qd6 39. Qe4 Qd5 40. Qg6 Nd6 41. Qg3 g5 42. h4 Kg7 43. h5 Kf7 44. Qg4 Qc4 45. Kh2 Qxb4 46. Ng1 Qxa5 47. d5 0-1

[Event "Belgrade Trophy 23rd"]
[Site "Obrenovac"]
[Date "2010.11.29"]
[Round "6"]
[White "Veleski, Robert"]
[Black "Rajcevic, Stevan"]
[Result "1-0"]
[WhiteElo "2282"]
[BlackElo "2125"]
[PlyCount "123"]
[EventDate "2010.11.24"]
[EventType "swiss"]
[EventRounds "9"]
[EventCountry "YUG"]
[SourceTitle "CBM 139 Extra"]
[Source "ChessBase"]
[SourceDate "2011.01.05"]
[SourceVersion "1"]
[SourceVersionDate "2011.01.05"]
[SourceQuality "1"]

1. d4 d5 2. Nf3 Nf6 3. Bf4 c5 4. e3 Nc6 5. c3 Qb6 6. Qb3 c4 7. Qc2 Bf5 8. Qc1 e6 9. h3 h6 10. Nbd2 Qd8 11. Be2 b5 12. 0-0 Be7 13. Ne5 Nxe5 14. dxe5 Nd7 15. a4 bxa4 16. e4 dxe4 17. Bxc4 0-0 18. Rd1 Qc7 19. Bb5 Nc5 20. Be3 Rfd8 21. Bxa4 Qxe5 22. Nc4 Qc7 23. Bf4 Rxd1+ 24. Bxd1 Qd8 25. Qd2 Nd3 26. Be3 Qc7 27. b3 Bc5 28. Bxc5 Nxc5 29. Qd6 Qxd6 30. Nxd6 Rd8 31. Nxf5 exf5 32. b4 Ne6 33. Be2 Rd7 34. Bb5 Rc7 35. c4 Nd4 36. Ba6 Nc2 37. Ra4 f4 38. c5 e3 39. Bd3 Nd4 40. fxe3 fxe3 41. b5 Nxb5 42. Bxb5 Rxc5 43. Bc4 a5 44. Kf1 Rf5+ 45. Ke1 g6 46. Ra3 Rc5 47. Rc3 Kg7 48. Ke2 Re5 49. Bb3 f5 50. Rxe3 Rxe3+ 51. Kxe3 Kf6 52. Kd4 g5 53. Kd5 h5 54. Ba4 h4 55. Bd7 a4 56. Bxa4 g4 57. hxg4 fxg4 58. Kd4 Kg5 59. Ke3 Kf5 60. Bd7+ Kg5 61. Bc8 h3 62. g3 1-0

[Event "Belgrade-ch"]
[Site "Belgrade"]
[Date "2010.01.26"]
[Round "4"]
[White "Indjic, Dusan"]
[Black "Rajcevic, Stevan"]
[Result "1-0"]
[WhiteElo "2316"]
[BlackElo "2158"]
[PlyCount "77"]
[EventDate "2010.01.23"]
[EventType "swiss"]
[EventRounds "9"]
[EventCountry "YUG"]
[SourceTitle "CBM 134 Extra"]
[Source "ChessBase"]
[SourceDate "2010.03.03"]
[SourceVersion "1"]
[SourceVersionDate "2010.03.03"]
[SourceQuality "1"]

1. d4 d5 2. Nf3 Nf6 3. c4 c6 4. Nc3 dxc4 5. a4 Bf5 6. Ne5 Nbd7 7. Nxc4 Qc7 8. g3 e5 9. dxe5 Nxe5 10. Bf4 Nfd7 11. Bg2 f6 12. 0-0 Nc5 13. e4 Bg6 14. Nxe5 fxe5 15. Be3 Be7 16. Qc2 a5 17. Rac1 b6 18. Nb1 0-0 19. Nd2 Bf7 20. Nc4 Bxc4 21. Qxc4+ Kh8 22. f4 Rad8 23. Kh1 Rf6 24. Rcd1 Rfd6 25. Bf3 Rxd1 26. Rxd1 Rxd1+ 27. Bxd1 Qd7 28. Be2 exf4 29. gxf4 Qe6 30. Qxe6 Nxe6 31. Bxb6 Nxf4 32. Bc4 Bb4 33. Bc7 Ng6 34. e5 Be1 35. Bf7 Bb4 36. Bd6 Bd2 37. e6 Bg5 38. Bxg6 hxg6 39. e7 1-0

[Event "Belgrade-ch"]
[Site "Belgrade"]
[Date "2010.01.25"]
[Round "3"]
[White "Rajcevic, Stevan"]
[Black "Tadic, Branko"]
[Result "0-1"]
[WhiteElo "2158"]
[BlackElo "2519"]
[PlyCount "82"]
[EventDate "2010.01.23"]
[EventType "swiss"]
[EventRounds "9"]
[EventCountry "YUG"]
[SourceTitle "CBM 134 Extra"]
[Source "ChessBase"]
[SourceDate "2010.03.03"]
[SourceVersion "1"]
[SourceVersionDate "2010.03.03"]
[SourceQuality "1"]

1. d4 d5 2. Nf3 Nf6 3. c4 e6 4. Nc3 dxc4 5. Qa4+ c6 6. Qxc4 b5 7. Qd3 Nbd7 8. g3 Bb7 9. Bg2 Be7 10. 0-0 0-0 11. Bf4 Qb6 12. Ne5 Rfd8 13. Qf3 b4 14. Na4 Qb5 15. b3 Nxe5 16. Bxe5 Nd7 17. Bc7 Re8 18. Rac1 Rac8 19. Bf4 Ba8 20. Qe3 g5 21. Be5 f6 22. Bb8 Nxb8 23. Qxe6+ Kg7 24. Qh3 Bf8 25. Be4 Rxe4 26. Qxc8 Qb7 27. Qxb7+ Bxb7 28. e3 Nd7 29. Rfe1 g4 30. Rc2 Kf7 31. Rec1 Re8 32. d5 c5 33. Rd2 Bd6 34. Nb2 Ne5 35. Kg2 f5 36. Nc4 Nxc4 37. bxc4 Be5 38. Kf1 Bc3 39. Rdc2 Ba6 40. Rxc3 bxc3 41. Rxc3 Re4 0-1

[Event "Belgrade-ch"]
[Site "Belgrade"]
[Date "2010.01.23"]
[Round "1"]
[White "Rajcevic, Stevan"]
[Black "Ratkovic, Petar"]
[Result "1-0"]
[WhiteElo "2158"]
[BlackElo "1472"]
[PlyCount "37"]
[EventDate "2010.01.23"]
[EventType "swiss"]
[EventRounds "9"]
[EventCountry "YUG"]
[SourceTitle "CBM 134 Extra"]
[Source "ChessBase"]
[SourceDate "2010.03.03"]
[SourceVersion "1"]
[SourceVersionDate "2010.03.03"]
[SourceQuality "1"]

1. d4 d5 2. Nf3 Nf6 3. c4 c6 4. Nc3 Nbd7 5. cxd5 Nxd5 6. e4 Nxc3 7. bxc3 Nf6 8. Qc2 Qa5 9. e5 Bf5 10. Bd3 Bxd3 11. Qxd3 Nd5 12. Bd2 Qb5 13. c4 Nb4 14. Qb3 Qb6 15. Bxb4 a5 16. Bc5 Qxb3 17. axb3 Rb8 18. Bb6 e6 19. Bxa5 1-0

[Event "Belgrade op"]
[Site "Belgrade"]
[Date "2009.12.02"]
[Round "9"]
[White "Panic, Nenad"]
[Black "Rajcevic, Stevan"]
[Result "1-0"]
[WhiteElo "2398"]
[BlackElo "2146"]
[PlyCount "65"]
[EventDate "2009.11.24"]
[EventType "swiss"]
[EventRounds "9"]
[EventCountry "YUG"]
[SourceTitle "CBM 133 Extra"]
[Source "ChessBase"]
[SourceDate "2010.01.05"]
[SourceVersion "1"]
[SourceVersionDate "2010.01.05"]
[SourceQuality "1"]

1. e3 d5 2. f4 Nf6 3. Nf3 a6 4. b3 Nc6 5. Bb2 Bf5 6. Be2 e6 7. 0-0 Bc5 8. d4 Be7 9. c4 Nb4 10. Ne1 h5 11. Ba3 Nc6 12. Bxe7 Nxe7 13. Nc3 c6 14. Nf3 Bg4 15. Qd3 Nf5 16. c5 Qe7 17. b4 Bxf3 18. Rxf3 Rd8 19. a4 Ng4 20. Rh3 Rh6 21. b5 axb5 22. axb5 Qf6 23. Ra7 Nfxe3 24. Rxe3 Qh4 25. Bxg4 hxg4 26. h3 gxh3 27. Rxh3 Qxf4 28. Ne2 Qb8 29. b6 Rxh3 30. Qxh3 g6 31. Qh8+ Ke7 32. Qh4+ Kf8 33. Qf6 1-0

[Event "Belgrade op"]
[Site "Belgrade"]
[Date "2009.11.29"]
[Round "6"]
[White "Rajcevic, Stevan"]
[Black "Govedarica, Radovan"]
[Result "0-1"]
[WhiteElo "2146"]
[BlackElo "2410"]
[PlyCount "61"]
[EventDate "2009.11.24"]
[EventType "swiss"]
[EventRounds "9"]
[EventCountry "YUG"]
[SourceTitle "CBM 133 Extra"]
[Source "ChessBase"]
[SourceDate "2010.01.05"]
[SourceVersion "1"]
[SourceVersionDate "2010.01.05"]
[SourceQuality "1"]

1. d4 Nf6 2. c4 e6 3. Nc3 Bb4 4. Qc2 d5 5. cxd5 Qxd5 6. Nf3 0-0 7. Bd2 Bxc3 8. Bxc3 Bd7 9. e3 Bb5 10. Bxb5 Qxb5 11. e4 Nbd7 12. a4 Qc6 13. Nd2 e5 14. dxe5 Nxe5 15. 0-0 Rad8 16. Rae1 Rd7 17. Qb3 Re8 18. Bxe5 Rxe5 19. Nc4 Rc5 20. e5 Ne4 21. e6 fxe6 22. f3 Rxc4 23. fxe4 Qb6+ 24. Qxb6 axb6 25. b3 Rc3 26. Rd1 Rcd3 27. Rxd3 Rxd3 28. Rb1 Rd2 29. Rc1 c6 30. Rc3 Kf7 31. Rg3 0-1

[Event "Belgrade op"]
[Site "Belgrade"]
[Date "2009.11.28"]
[Round "5"]
[White "Popovic, Aleksandar M"]
[Black "Rajcevic, Stevan"]
[Result "0-1"]
[WhiteElo "2300"]
[BlackElo "2146"]
[PlyCount "71"]
[EventDate "2009.11.24"]
[EventType "swiss"]
[EventRounds "9"]
[EventCountry "YUG"]
[SourceTitle "CBM 133 Extra"]
[Source "ChessBase"]
[SourceDate "2010.01.05"]
[SourceVersion "1"]
[SourceVersionDate "2010.01.05"]
[SourceQuality "1"]

1. Nf3 d5 2. g3 Nf6 3. Bg2 Bf5 4. 0-0 e6 5. h3 h6 6. d3 Be7 7. Nfd2 0-0 8. e4 Bh7 9. Nc3 c6 10. f4 Nbd7 11. g4 Ne8 12. Nf3 Nc5 13. Qe2 dxe4 14. dxe4 Nd6 15. Ne5 f6 16. Nd3 Nxd3 17. cxd3 e5 18. f5 Nf7 19. h4 Qd6 20. Be3 Rfd8 21. Rad1 Qb4 22. Kh1 Rd7 23. Rf3 Qa5 24. Rg3 Rad8 25. Qc2 Kf8 26. Bf1 Bg8 27. Bc1 b5 28. Be2 Qb6 29. Be3 Qb7 30. Rdg1 a5 31. a4 b4 32. Nd1 Qc7 33. Nf2 c5 34. b3 Rc8 35. Nh3 Qd8 36. Qc4 0-1

[Event "Paracin op"]
[Site "Paracin"]
[Date "2009.08.23"]
[Round "5"]
[White "Rajcevic, Stevan"]
[Black "Milosevic, Aleksandar"]
[Result "1/2-1/2"]
[WhiteElo "2146"]
[BlackElo "2280"]
[PlyCount "65"]
[EventDate "2009.08.19"]
[EventType "swiss"]
[EventRounds "9"]
[EventCountry "YUG"]
[SourceTitle "CBM 132 Extra"]
[Source "ChessBase"]
[SourceDate "2009.11.03"]
[SourceVersion "1"]
[SourceVersionDate "2009.11.03"]
[SourceQuality "1"]

1. d4 Nf6 2. c4 e6 3. Nc3 Bb4 4. Qc2 c5 5. dxc5 0-0 6. Nf3 Na6 7. e3 Nxc5 8. Bd2 d6 9. Be2 e5 10. a3 Bxc3 11. Bxc3 Qe7 12. Nd2 g6 13. f3 Bf5 14. e4 Bd7 15. b4 Na4 16. Rc1 Nxc3 17. Qxc3 Rac8 18. Qb2 Nh5 19. g3 Qg5 20. Nf1 f5 21. Qd2 f4 22. h4 Qe7 23. g4 Ng7 24. Rd1 Bxg4 25. Qxd6 Qxd6 26. Rxd6 Be6 27. Nd2 Kf7 28. Kf2 Rfd8 29. Rxd8 Rxd8 30. Rd1 Ke7 31. Ke1 b6 32. Nb1 Rxd1+ 33. Kxd1 1/2-1/2